000
00265nam a22001217a 4500
008
180920b xxu||||| |||| 00| 0 eng d
041
_a
eng
080
_a
610
100
_a
5
101
_a
ANE
245
_a
Anesthesia And Analgesia
_c
Corrado.ap
942
_2
udc
_c
BK
999
_c
48115
_d
48115